[Event "Llinars del Valles op-A 10th"]
[Site "Llinars del Valles"]
[Date "2016.04.02"]
[Round "1"]
[White "Verges Soler, Lluis"]
[Black "Ayats Llobera, Gerard"]
[Result "0-1"]
[WhiteElo "1804"]
[BlackElo "2175"]
[PlyCount "120"]
[EventDate "2016.04.02"]
[EventType "swiss"]
[EventRounds "9"]
[EventCountry "ESP"]
[SourceTitle "CBM 172 Extra"]
[Source "ChessBase"]
[SourceDate "2016.06.21"]
[SourceVersion "1"]
[SourceVersionDate "2016.06.21"]
[SourceQuality "1"]

1. d4 Nf6 2. c4 e6 3. g3 d5 4. Nf3 c6 5. Bg2 Bd6 6. b3 0-0 7. 0-0 Qe7 8. Bb2 b5 9. c5 Bc7 10. Nbd2 Nbd7 11. b4 a5 12. a3 e5 13. Nxe5 Nxe5 14. dxe5 Bxe5 15. Bxe5 Qxe5 16. Nf3 Qc7 17. Nd4 Re8 18. Re1 Bd7 19. Qc2 Qe5 20. e3 h5 21. Rac1 h4 22. Nf3 Qe4 23. Qxe4 dxe4 24. Nd4 hxg3 25. hxg3 axb4 26. axb4 Ra4 27. Rb1 Nd5 28. Rec1 Rxb4 29. Rxb4 Nxb4 30. Bf1 Ra8 31. Bxb5 cxb5 32. c6 Be8 33. c7 Bd7 34. Nxb5 Nd3 35. Rc4 Ra1+ 36. Kh2 Nxf2 37. c8Q+ Bxc8 38. Rxc8+ Kh7 39. Kg2 Ng4 40. Nd6 Nxe3+ 41. Kf2 Ng4+ 42. Ke2 Ra2+ 43. Ke1 Ra7 44. Re8 Nf6 45. Re5 Ra3 46. Nxf7 Rxg3 47. Ng5+ Kh6 48. Nf7+ Kg6 49. Nh8+ Kh7 50. Nf7 Ra3 51. Ke2 Ra2+ 52. Ke1 Ra4 53. Kf1 Ng4 54. Rxe4 Ra1+ 55. Kg2 Nf6 56. Re2 Ra5 57. Ne5 Nd5 58. Kf3 g6 59. Ng4 Ra3+ 60. Ke4 Nc3+ 0-1

[Event "Llinars del Valles op-A 8th"]
[Site "Llinars del Valles"]
[Date "2014.06.07"]
[Round "6"]
[White "Martin Perez, Pau"]
[Black "Verges Soler, Lluis"]
[Result "1-0"]
[WhiteElo "1629"]
[BlackElo "1830"]
[PlyCount "129"]
[EventDate "2014.04.26"]
[EventType "swiss"]
[EventRounds "8"]
[EventCountry "ESP"]
[SourceTitle "EXT 2015"]
[Source "ChessBase"]
[SourceDate "2014.11.20"]
[SourceVersion "1"]
[SourceVersionDate "2014.11.20"]
[SourceQuality "1"]

1. e4 e6 2. Nf3 d5 3. Nc3 Nf6 4. e5 Nfd7 5. d4 c5 6. dxc5 Bxc5 7. Bd3 f6 8. Bf4 Nc6 9. exf6 Nxf6 10. 0-0 0-0 11. Bg3 Bd6 12. Bxd6 Qxd6 13. Re1 a6 14. a3 Bd7 15. Na4 e5 16. Nb6 Rad8 17. Nxd7 Rxd7 18. Bf5 Rdd8 19. c3 Rfe8 20. Qb3 b5 21. Rad1 Kh8 22. Ng5 Kg8 23. Re3 h6 24. Ne4 Nxe4 25. Bxe4 Kh8 26. Rxd5 Qf6 27. Rxd8 Nxd8 28. Bd5 Ne6 29. Bxe6 Rxe6 30. Qd1 Rd6 31. Rd3 Re6 32. Rd8+ Kh7 33. Qd3+ e4 34. Qd2 Qe5 35. Rd5 Qf6 36. Qd4 Qf4 37. Qe3 Qxe3 38. fxe3 Kg6 39. Kf2 Kf7 40. Kg3 Rf6 41. Re5 Rf1 42. Rxe4 Rb1 43. Rf4+ Ke7 44. Rf2 a5 45. Kf4 b4 46. cxb4 axb4 47. axb4 Rc1 48. Kg3 Rc4 49. Rf4 Rc2 50. Re4+ Kf6 51. Rf4+ Ke6 52. Rg4 Kf6 53. Rd4 Rxb2 54. Rd6+ Ke5 55. Rd7 g5 56. Rh7 Kf5 57. Rxh6 Rxb4 58. h3 Rb3 59. Kf3 Ra3 60. g4+ Ke5 61. Rg6 Ra1 62. Rxg5+ Ke6 63. h4 Rf1+ 64. Ke4 Rh1 65. h5 1-0

[Event "Llinars del Valles op-A 8th"]
[Site "Llinars del Valles"]
[Date "2014.05.17"]
[Round "4"]
[White "Verges Soler, Lluis"]
[Black "Melero Sanchez, Pere"]
[Result "1/2-1/2"]
[WhiteElo "1830"]
[BlackElo "1733"]
[PlyCount "107"]
[EventDate "2014.04.26"]
[EventType "swiss"]
[EventRounds "8"]
[EventCountry "ESP"]
[SourceTitle "EXT 2015"]
[Source "ChessBase"]
[SourceDate "2014.11.20"]
[SourceVersion "1"]
[SourceVersionDate "2014.11.20"]
[SourceQuality "1"]

1. d4 Nf6 2. c4 g6 3. Nc3 Bg7 4. e4 d6 5. Be2 0-0 6. f4 c5 7. Nf3 cxd4 8. Nxd4 Nc6 9. Be3 Ng4 10. Bxg4 Bxd4 11. Bxd4 Bxg4 12. Qxg4 Nxd4 13. Qd1 Nc6 14. Qd2 Qa5 15. 0-0 Qc5+ 16. Kh1 Qxc4 17. Rac1 Qd4 18. Rfd1 Qxd2 19. Rxd2 Rac8 20. Rcd1 Kg7 21. Kg1 Rfd8 22. Kf2 f5 23. exf5 gxf5 24. Rd5 Kf6 25. a3 Rg8 26. Rb5 b6 27. g3 Rgd8 28. Rbd5 Na5 29. R5d2 Nc4 30. Nd5+ Kf7 31. Re2 e6 32. Ne3 Nxe3 33. Kxe3 Rc4 34. Rd4 Rxd4 35. Kxd4 Rc8 36. Rd2 Ke7 37. Rg2 h5 38. Re2 d5 39. b3 Kd6 40. Rg2 Rc1 41. Rd2 b5 42. Kd3 a5 43. Ra2 Kc5 44. Kd2 Rh1 45. Kd3 d4 46. Re2 Rd1+ 47. Kc2 d3+ 48. Kxd1 dxe2+ 49. Kxe2 Kd4 50. Kd2 b4 51. axb4 axb4 52. h3 Ke4 53. Ke2 h4 54. Kf2 1/2-1/2

[Event "Llinars del Valles op-A 8th"]
[Site "Llinars del Valles"]
[Date "2014.05.10"]
[Round "3"]
[White "Martinez Perez, Pablo"]
[Black "Verges Soler, Lluis"]
[Result "0-1"]
[WhiteElo "1736"]
[BlackElo "1830"]
[PlyCount "127"]
[EventDate "2014.04.26"]
[EventType "swiss"]
[EventRounds "8"]
[EventCountry "ESP"]
[SourceTitle "EXT 2015"]
[Source "ChessBase"]
[SourceDate "2014.11.20"]
[SourceVersion "1"]
[SourceVersionDate "2014.11.20"]
[SourceQuality "1"]

1. d4 Nf6 2. Nc3 d5 3. Bg5 Nbd7 4. g3 h6 5. Bf4 c6 6. Bg2 e6 7. Qd3 Bb4 8. Nf3 Ne4 9. 0-0 Nxc3 10. bxc3 Ba5 11. c4 dxc4 12. Qxc4 0-0 13. Rab1 Bc7 14. Bxc7 Qxc7 15. e4 Nf6 16. Nd2 Rd8 17. e5 Nd5 18. Ne4 Ne7 19. g4 Rb8 20. Nd6 Nd5 21. Rb3 b6 22. f4 Rxd6 23. exd6 Qxd6 24. Bxd5 exd5 25. Qe2 Bb7 26. Qe5 Qxe5 27. fxe5 Bc8 28. h3 Be6 29. Ra3 Rb7 30. Rc3 Rc7 31. Kh2 Kf8 32. Kg3 Ke7 33. h4 c5 34. Rf4 c4 35. Rf1 Kd7 36. g5 hxg5 37. hxg5 g6 38. Rcf3 Kc6 39. a4 Rb7 40. Rb1 a6 41. c3 b5 42. axb5+ axb5 43. Kf2 Ra7 44. Re3 Ra2+ 45. Re2 Ra3 46. Rc1 b4 47. cxb4 Kb5 48. Re3 Ra2+ 49. Kf3 Bf5 50. Rce1 Kxb4 51. R1e2 Be4+ 52. Kf2 Rxe2+ 53. Kxe2 c3 54. Kd1 Kb3 55. Kc1 Kc4 56. Rh3 Kxd4 57. Rh7 Kxe5 58. Rxf7 Kd4 59. Rc7 Kd3 60. Rc5 d4 61. Re5 Ke3 62. Rc5 c2 63. Re5 d3 64. Re7 0-1

[Event "Llinars del Valles op-A 8th"]
[Site "Llinars del Valles"]
[Date "2014.05.03"]
[Round "2"]
[White "Verges Soler, Lluis"]
[Black "Salagran Ferragut, Eduard"]
[Result "0-1"]
[WhiteElo "1830"]
[BlackElo "1729"]
[PlyCount "66"]
[EventDate "2014.04.26"]
[EventType "swiss"]
[EventRounds "8"]
[EventCountry "ESP"]
[SourceTitle "EXT 2015"]
[Source "ChessBase"]
[SourceDate "2014.11.20"]
[SourceVersion "1"]
[SourceVersionDate "2014.11.20"]
[SourceQuality "1"]

1. d4 Nf6 2. c4 e6 3. Nc3 Bb4 4. Qc2 d5 5. cxd5 exd5 6. a3 Be7 7. Bg5 0-0 8. e3 h6 9. Bh4 b6 10. Bd3 Bb7 11. Nf3 Nbd7 12. 0-0 c5 13. b3 Rc8 14. Qe2 Ne4 15. Bxe7 Qxe7 16. Nb1 f5 17. Ba6 Bxa6 18. Qxa6 Rc7 19. Qe2 c4 20. b4 c3 21. Qc2 g5 22. Nbd2 Rfc8 23. Nxe4 dxe4 24. Ne5 Nxe5 25. dxe5 Qxe5 26. Rad1 Qe7 27. h3 a5 28. Qb3+ Qf7 29. Qxf7+ Kxf7 30. bxa5 bxa5 31. Rd5 c2 32. Rc1 Rb8 33. Rxa5 Rb1 0-1

[Event "Roncana op-A 7th"]
[Site "Santa Eulalia de Roncana"]
[Date "2013.11.23"]
[Round "7"]
[White "Verges Soler, Lluis"]
[Black "Gaona Gonzalez, Gerard"]
[Result "0-1"]
[WhiteElo "1835"]
[BlackElo "2019"]
[PlyCount "113"]
[EventDate "2013.10.05"]
[EventType "swiss"]
[EventRounds "8"]
[EventCountry "ESP"]
[SourceTitle "CBM 157 Extra"]
[Source "ChessBase"]
[SourceDate "2013.12.19"]
[SourceVersion "1"]
[SourceVersionDate "2013.12.19"]
[SourceQuality "1"]

1. d4 d6 2. c4 Nf6 3. Nc3 Nbd7 4. e4 e5 5. Nf3 Be7 6. Be2 0-0 7. 0-0 c6 8. Qc2 Re8 9. Rd1 Qc7 10. b3 Nf8 11. h3 Ng6 12. Be3 h6 13. Rac1 Bf8 14. dxe5 dxe5 15. Bf1 Be6 16. c5 Nh5 17. b4 a6 18. a4 Rad8 19. a5 Qe7 20. Na4 Qf6 21. Rxd8 Rxd8 22. Rd1 Be7 23. Rxd8+ Bxd8 24. Qd1 Nhf4 25. Bxf4 Nxf4 26. g3 Nxh3+ 27. Bxh3 Bxh3 28. Ne1 Bc7 29. Nb2 Be6 30. Qd3 Qg5 31. Qc2 Qd8 32. Qd3 Qg5 33. Qc2 f5 34. exf5 Bd5 35. Nc4 Qh5 36. Ng2 Qg4 37. Nce3 Qxb4 38. Nxd5 cxd5 39. f6 e4 40. c6 gxf6 41. cxb7 Qxb7 42. Qd2 Kg7 43. Nh4 Qb1+ 44. Kg2 Qb3 45. Nf5+ Kf7 46. Nh4 h5 47. Qh6 Qc3 48. Qxh5+ Ke6 49. Qf5+ Kd6 50. Ng6 Qf3+ 51. Qxf3 exf3+ 52. Kxf3 Bxa5 53. Ke2 Bc3 54. Kd3 d4 55. Nh4 a5 56. Nf5+ Ke5 57. f4+ 0-1

[Event "Roncana op-A 7th"]
[Site "Santa Eulalia de Roncana"]
[Date "2013.11.16"]
[Round "6"]
[White "Bertran Cequiel, Jordi"]
[Black "Verges Soler, Lluis"]
[Result "0-1"]
[WhiteElo "1756"]
[BlackElo "1835"]
[PlyCount "52"]
[EventDate "2013.10.05"]
[EventType "swiss"]
[EventRounds "8"]
[EventCountry "ESP"]
[SourceTitle "CBM 157 Extra"]
[Source "ChessBase"]
[SourceDate "2013.12.19"]
[SourceVersion "1"]
[SourceVersionDate "2013.12.19"]
[SourceQuality "1"]

1. d4 Nf6 2. c4 e6 3. Nc3 Bb4 4. a3 Bxc3+ 5. bxc3 c5 6. e3 Qa5 7. Qc2 0-0 8. Bd3 d5 9. Bd2 Qc7 10. cxd5 exd5 11. Nf3 Nbd7 12. 0-0 c4 13. Be2 Ne4 14. Qa4 Ndf6 15. h3 Bd7 16. Qb4 Rfb8 17. a4 b5 18. a5 a6 19. Bc1 Nxc3 20. Qxc3 b4 21. Qc2 b3 22. Qb2 c3 23. Qa3 b2 24. Rb1 Bf5 25. Rxb2 cxb2 26. Bxb2 Qc2 0-1

[Event "Roncana op-A 7th"]
[Site "Santa Eulalia de Roncana"]
[Date "2013.11.09"]
[Round "5"]
[White "Verges Soler, Lluis"]
[Black "Camus, Adrian Hugo"]
[Result "0-1"]
[WhiteElo "1835"]
[BlackElo "1952"]
[PlyCount "122"]
[EventDate "2013.10.05"]
[EventType "swiss"]
[EventRounds "8"]
[EventCountry "ESP"]
[SourceTitle "CBM 157 Extra"]
[Source "ChessBase"]
[SourceDate "2013.12.19"]
[SourceVersion "1"]
[SourceVersionDate "2013.12.19"]
[SourceQuality "1"]

1. d4 d5 2. Nf3 e6 3. c4 c6 4. e3 Bd6 5. Bd3 f5 6. Ne5 Bxe5 7. dxe5 dxc4 8. Bxc4 Qa5+ 9. Bd2 Qxe5 10. 0-0 Nf6 11. Bc3 Qc7 12. Bxf6 gxf6 13. Qh5+ Qf7 14. Qxf7+ Kxf7 15. Nc3 Nd7 16. e4 Ne5 17. Bb3 f4 18. f3 Bd7 19. Rfd1 Ke7 20. Ne2 Ng6 21. Rd2 e5 22. Rad1 Rad8 23. Kf2 Bc8 24. g3 Rxd2 25. Rxd2 Rd8 26. Rxd8 Kxd8 27. Bg8 fxg3+ 28. hxg3 Nf8 29. Ke3 Be6 30. Bxe6 Nxe6 31. f4 exf4+ 32. gxf4 Kd7 33. Ng3 Ng7 34. Ne2 b6 35. Kd4 Ke6 36. b4 Kd6 37. e5+ Ke6 38. Ke4 Nf5 39. a4 h5 40. exf6 Kxf6 41. Ng1 Nd6+ 42. Kf3 Ke6 43. Ne2 Kd5 44. Ng3 h4 45. Ne2 Kc4 46. Kg4 Kxb4 47. Nd4 c5 48. Nb5 Nxb5 49. axb5 h3 50. Kxh3 c4 51. f5 Kc5 52. Kg4 Kd6 53. Kg5 Ke7 54. Kf4 Kf6 55. Ke4 c3 56. Kd3 c2 57. Kxc2 Kxf5 58. Kd3 Ke5 59. Kc4 Ke4 60. Kc3 Kd5 61. Kb4 Kd4 0-1

[Event "Llinars del Valles op-A 7th"]
[Site "Llinars del Valles"]
[Date "2013.05.04"]
[Round "4"]
[White "Verges Soler, Lluis"]
[Black "Salagran Ferragut, Guillem"]
[Result "0-1"]
[WhiteElo "1832"]
[BlackElo "1991"]
[PlyCount "86"]
[EventDate "2013.04.13"]
[EventType "swiss"]
[EventRounds "7"]
[EventCountry "ESP"]
[SourceTitle "EXT 2014"]
[Source "ChessBase"]
[SourceDate "2013.11.20"]
[SourceVersion "1"]
[SourceVersionDate "2013.11.20"]
[SourceQuality "1"]

1. d4 Nf6 2. c4 e6 3. g3 c5 4. dxc5 Bxc5 5. Bg2 0-0 6. Nf3 Nc6 7. 0-0 d5 8. cxd5 Nxd5 9. Qc2 Be7 10. a3 Bd7 11. Nc3 Nxc3 12. Qxc3 Bf6 13. Qd3 Qe7 14. Qb5 Nd4 15. Qxb7 Nxe2+ 16. Kh1 Rfb8 17. Qe4 Nxc1 18. Raxc1 Bxb2 19. Rc7 Rc8 20. Ne5 Rxc7 21. Qxa8+ Rc8 22. Qe4 Bxa3 23. Qb7 Rd8 24. Qxa7 Qd6 25. Nxd7 Rxd7 26. Qa4 Bc5 27. Qc6 Qxc6 28. Bxc6 Rd6 29. Bg2 Rd2 30. Kg1 Bb6 31. Bf3 f5 32. Bd1 Bxf2+ 33. Kh1 Kf7 34. Bb3 Kf6 35. Rc1 Rb2 36. Bc4 Bd4 37. Rf1 h5 38. h3 Be5 39. g4 Rh2+ 40. Kg1 Rxh3 41. g5+ Kxg5 42. Bxe6 g6 43. Kg2 Rg3+ 0-1

[Event "Llinars del Valles op-A 7th"]
[Site "Llinars del Valles"]
[Date "2013.04.20"]
[Round "2"]
[White "Verges Soler, Lluis"]
[Black "Pinsach Gelabert, Alexandre"]
[Result "1/2-1/2"]
[WhiteElo "1832"]
[BlackElo "2027"]
[PlyCount "114"]
[EventDate "2013.04.13"]
[EventType "swiss"]
[EventRounds "7"]
[EventCountry "ESP"]
[SourceTitle "EXT 2014"]
[Source "ChessBase"]
[SourceDate "2013.11.20"]
[SourceVersion "1"]
[SourceVersionDate "2013.11.20"]
[SourceQuality "1"]

1. d4 d5 2. Nf3 e6 3. c4 c5 4. cxd5 exd5 5. Nc3 Nc6 6. g3 Nf6 7. Bg2 Be7 8. 0-0 0-0 9. Bg5 c4 10. Ne5 Be6 11. f4 h6 12. Bxf6 Bxf6 13. Qd2 Ne7 14. Rad1 g6 15. e4 Bg7 16. exd5 Nxd5 17. Nxd5 Bxd5 18. Bxd5 Qxd5 19. Qg2 Rfd8 20. Qxd5 Rxd5 21. Rd2 Rad8 22. Rfd1 b5 23. Kg2 Bf8 24. a3 Bc5 25. Nc6 R8d7 26. Kf3 Bb6 27. Ke3 a5 28. g4 f6 29. Ke4 Kf7 30. f5 g5 31. h4 gxh4 32. Rh1 R5d6 33. Nb8 Rd8 34. Na6 Ra8 35. Rxh4 Rxa6 36. d5 Ra8 37. Rxh6 Re8+ 38. Kf3 Re3+ 39. Kf4 Rd3 40. Rh7+ Kf8 41. Rdh2 R6xd5 42. Rh8+ Ke7 43. Re2+ Re5 44. Rxe5+ fxe5+ 45. Kg5 Kf7 46. Rh7+ Kg8 47. Rb7 Bd8+ 48. Kg6 Rg3 49. Kh5 Rh3+ 50. Kg6 Rh4 51. g5 Rg4 52. f6 Bxf6 53. Kxf6 b4 54. axb4 axb4 55. Rxb4 Rg2 56. Rxc4 Rxb2 57. Kg6 Rb8 1/2-1/2